000 00447nam a2200121Ia 4500
008 220216s9999 xx 000 0 und d
245 0 _aPreserved latex and concentrates : Future shortage could boost price levels
260 _bAsian Rubber Handbook and Directory (Ed. Kurian Abraham), Rubber Asia for Dhanam Publications, Kochi, 2003, pp.69-72
650 _aCentrifuging
650 _aCLC production
650 _aDry rubber content
942 _cJS
999 _c65664
_d65664